Grafit-oxidon immobilizált Wilkinson-komplex tanulmányozása folyadékfázisú hidrogénezési reakciókban [absztrakt] /

Elmentve itt :
Bibliográfiai részletek
Szerző: Bartal Attila
Testületi szerző: Móra Ferenc Szakkollégium Természettudományi Konferencia
Dokumentumtípus: Könyv része
Megjelent: 2015
Sorozat:Móra Ferenc Szakkollégium Természettudományi Konferencia
Kulcsszavak:Kémia - előadáskivonat
Tárgyszavak:
Online Access:http://acta.bibl.u-szeged.hu/82718
LEADER 00862naa a2200205 i 4500
001 acta82718
005 20250429102007.0
008 231218s2015 hu o 100 hun d
040 |a SZTE Egyetemi Kiadványok Repozitórium  |b hun 
041 |a hun 
100 1 |a Bartal Attila 
245 1 0 |a Grafit-oxidon immobilizált Wilkinson-komplex tanulmányozása folyadékfázisú hidrogénezési reakciókban   |h [elektronikus dokumentum] :  |b [absztrakt] /  |c  Bartal Attila 
260 |c 2015 
300 |a 7 
490 0 |a Móra Ferenc Szakkollégium Természettudományi Konferencia 
650 4 |a Természettudományok 
650 4 |a Kémiai tudományok 
695 |a Kémia - előadáskivonat 
711 |a Móra Ferenc Szakkollégium Természettudományi Konferencia  |c Szeged  |d 2015. március 27. 
856 4 0 |u http://acta.bibl.u-szeged.hu/82718/1/morakonf_2015_007.pdf  |z Dokumentum-elérés